000
00378nam a22001577a 4500
003
MPLRDC
005
20220104114740.0
008
210129b ||||| |||| 00| 0 eng d
082
_a
173.2 WHT
100
_a
吴惠庭编译
245
_a
青春男女的生理与心理
_c
260
_a
_b
新力书局
_c
300
_b
平
650
_a
青年心理学
942
_c
BK
_o
173.2 WHT
999
_c
9923
_d
9913